| 000 | 00820nam a2200277 ia4500 | ||
|---|---|---|---|
| 001 | C2-0327800 | ||
| 003 | PPAK | ||
| 005 | 20201129115934.0 | ||
| 008 | 140713s2011 my a jr | 0 1 eng d | ||
| 020 |
_a9789675516184 _qset |
||
| 020 |
_a9789675516269 _qpaperback |
||
| 040 |
_aPPAK _beng _cPPAK _erda |
||
| 082 | 0 | 4 |
_a823 _223 |
| 090 | 0 | 0 |
_a823 _bELS _dK |
| 100 | 1 |
_aElsworth, Sarah, _eauthor. |
|
| 245 | 1 | 4 |
_aThe World of Science Fiction / _cSarah Elsworth |
| 264 | 1 |
_aSubang Jaya, Selangor : _bOutshine Publishing House, _c2011 |
|
| 300 |
_a54 pages : _bcolour illustrations ; _c21 cm |
||
| 336 |
_2rdacontent _atext |
||
| 337 |
_2rdamedia _aunmediated |
||
| 338 |
_2rdacarrier _avolume |
||
| 490 | 1 | _aEXAMING GENRES | |
| 650 | 1 | 0 | _aChildren's stories, English. |
| 830 | 0 | _aExaming genres | |
| 942 |
_cB _2ddc |
||
| 999 |
_c127334 _d127334 |
||